000 00361nam a2200145Ia 4500
008 211109s9999||||xx |||||||||||||| ||und||
082 _a940.21
_bEDI-R
100 _aEdith, Sichel
245 0 _aRenaissance
260 _bNATIONAL BOOKSTALL
_aKottayam
_c1919
300 _a125p.
630 _xGeneral Stack
650 _aRenaissance
_vEurope
_xHistory
942 _cBOOK
999 _c547
_d547